| 000 | 01570nam a2200385 a 4500 | ||
|---|---|---|---|
| 001 | 54939 | ||
| 003 | BD-RjUL | ||
| 005 | 20211209080206.0 | ||
| 008 | 161113s1971 enk b 000 1 eng | ||
| 020 | _a192810987 | ||
| 035 | _a(OCoLC)ocm40267364 | ||
| 035 | _a(BD-RjUL)55061 | ||
| 035 | _a(NNC)2331057 | ||
| 040 |
_aDLC _cDLC _dNNC _beng |
||
| 041 | _aeng | ||
| 082 | 0 | 0 |
_a823.5 _223 _bFIH 1971 |
| 100 | 1 |
_aFielding, Henry, _d1707-1754. _9163781 |
|
| 245 | 1 | 4 |
_aThe history of the adventures of Joseph Andrews and of his friend Mr. Abraham Adams : _band, An apology for the life of Mrs. Shamela Andrews / _cHenry Fielding ; edited by Douglas Brooks |
| 246 | 3 | _aHistory of the adventures of Joseph Andrews, and of his friend Mr. Abraham Adams ; and, An apology for the life of Mrs. Shamela Andrew | |
| 260 |
_aOxford ; _aNew York : _bOxford University Press, _c1971 |
||
| 263 | _a9907 | ||
| 300 |
_axliv, 410 p. ; _c20 cm. |
||
| 490 | 1 | _aOxford world's classics | |
| 504 | _aIncludes bibliographical references (p. xxxvi-xl). | ||
| 650 | 0 |
_aYoung men _zEngland _vFiction. _9163782 |
|
| 650 | 0 |
_aHousehold employees _zEngland _vFiction. _9163783 |
|
| 651 | 0 |
_aEngland _xSocial life and customs _y18th century _vFiction. _9163784 |
|
| 655 | 7 |
_aHumorous stories. _2gsafd _9163788 |
|
| 700 | 1 |
_aBrooks, Douglas. _9163786 |
|
| 740 | 0 | 2 | _aApology for the life of Mrs. Shamela Andrews. |
| 830 | 0 |
_aOxford world's classics (Oxford University Press) _9163789 |
|
| 942 |
_2ddc _cBK |
||
| 999 |
_c54939 _d54939 |
||